[Event "II 2016"]
[Site "SchemingMind.com"]
[Date "2016.03.25"]
[Round "-"]
[White "unomas2013"]
[Black "flyinduck"]
[Result "1-0"]
[WhiteCountry "ESP"]
[BlackCountry "CAN"]
[WhiteElo "2385"]
[WhiteRD "114"]
[BlackElo "2093"]
[BlackRD "56"]
[GameID "397332"]

1. e4 e5 2. Nf3 Nf6 3. d4 Nxe4 4. Bd3 d5 5. Nxe5 Nd7 6. Nxd7 Bxd7 7. O-O Bd6 8. c4 c6 9. cxd5 cxd5 10. Nc3 Nxc3
11. bxc3 O-O 12. Qh5 g6 13. Qxd5 Qc7 14. Bh6 Rfe8 15. h3 Be6 16. Qg5 Qxc3 17. Rfd1 Rad8 18. Bb5 Bd7 19. Rac1 Qa3 20. Bc4 Bf8
21. Bxf8 Qxf8 22. Qa5 a6 23. Bb3 Qd6 24. Qc7 Qb4 25. Rc4 Qf8 26. Qxb7
1-0

[Event "II 2016"]
[Site "SchemingMind.com"]
[Date "2016.03.29"]
[Round "-"]
[White "flyinduck"]
[Black "unomas2013"]
[Result "0-1"]
[WhiteCountry "CAN"]
[BlackCountry "ESP"]
[WhiteElo "2093"]
[WhiteRD "56"]
[BlackElo "2385"]
[BlackRD "114"]
[GameID "397333"]

1. d4 d5 2. c4 c6 3. Nc3 Nf6 4. e3 e6 5. Nf3 Nbd7 6. Qc2 Bd6 7. b3 O-O 8. Bd3 e5 9. cxd5 cxd5 10. dxe5 Nxe5
11. Nxe5 Bxe5 12. Bb2 Re8 13. Ne2 d4 14. exd4 Bxd4 15. Bxd4 Qxd4 16. O-O Qe5 17. Ng3 Bd7 18. Qd2 Bc6 19. Rad1 g6 20. f3 Rad8
21. Qf2 a6 22. Rfe1 Rxd3
0-1

[Event "II 2016"]
[Site "SchemingMind.com"]
[Date "2016.03.29"]
[Round "-"]
[White "unomas2013"]
[Black "frankly"]
[Result "0-1"]
[WhiteCountry "ESP"]
[BlackCountry "ENG"]
[WhiteElo "2392"]
[WhiteRD "102"]
[BlackElo "2504"]
[BlackRD "58"]
[GameID "397349"]

1. e4 e5 2. Nf3 Nc6 3. Bb5 a6 4. Ba4 Nf6 5. O-O Be7 6. Re1 b5 7. Bb3 d6 8. c3 O-O 9. h3 Nb8 10. d4 Nbd7
11. Nbd2 Bb7 12. Bc2 Re8 13. b3 exd4 14. cxd4 c5 15. d5 Nh5 16. Nf1 f5 17. N3d2 Nhf6 18. Ng3 f4 19. Ngf1 Nf8 20. Nf3 Ng6
21. Ng5 Bc8 22. Nh2 Ng4 23. Nxh7 N4e5 24. Qh5 Nh8 25. Bxf4 g6 26. Qe2 Kxh7 27. Be3 Nef7 28. f4 Bf6 29. Rac1 Kg8 30. Nf3 g5
31. Qf2 gxf4 32. Bxf4 Bg7 33. Qg3 Qf6 34. Nh4 Ra7 35. Re2 Ne5 36. Bg5 Qf7 37. Rf2 Qh5 38. Bf6 Qh6 39. Bg5 Qh7 40. Rcf1 Nhf7
41. Bc1 Kh8 42. Bb2 Qh5 43. Nf5 Rg8 44. Kh1 Bh6 45. Qc3 Bxf5 46. Rxf5 Qg6 47. Qf3 Rg7 48. Rf6 Nxf3 49. Rxg6 Nd4 50. Rxg7 Bxg7
51. Bb1 Ne2 52. Re1 Bxb2 53. Rxe2 Bd4 54. g3 c4 55. Rd2 Bb6 56. Kg2 Ne5 57. Re2 Rf7 58. bxc4 bxc4 59. Bc2 c3 60. h4 Kg7
61. a4 Nc4 62. Kh3 Rf1 63. e5 Nxe5
0-1

[Event "II 2016"]
[Site "SchemingMind.com"]
[Date "2016.03.29"]
[Round "-"]
[White "frankly"]
[Black "unomas2013"]
[Result "1/2-1/2"]
[WhiteCountry "ENG"]
[BlackCountry "ESP"]
[WhiteElo "2504"]
[WhiteRD "58"]
[BlackElo "2392"]
[BlackRD "102"]
[GameID "397350"]

1. e4 e5 2. Nf3 Nc6 3. Bb5 a6 4. Ba4 Nf6 5. O-O Be7 6. Re1 b5 7. Bb3 d6 8. c3 O-O 9. h3 Nb8 10. d4 Nbd7
11. Nbd2 c5 12. Nf1 Re8 13. Ng3 Qc7 14. Be3 a5 15. a4 c4 16. Ba2 bxa4 17. Qxa4 Ba6 18. Nd2 Reb8 19. Nf5 Bf8 20. Qc2 Rb7
21. Bg5 Rab8 22. Reb1 Nh5 23. g3 Kh8 24. Ne3 Nb6 25. Qd1 g6 26. Bh4 Bg7 27. Rc1 Bh6 28. Qf3 Kg8 29. Rab1 Qd7 30. Kh2 Rc8
31. Nf5 Bf8 32. Bg5 f6 33. Be3 Kh8 34. Nh4 Na4 35. g4 Ng7 36. dxe5 fxe5 37. Bxc4 Bxc4 38. Nxc4 Be7 39. b3 Nc5 40. Rd1 Qc7
41. Bxc5 Qxc5 42. Ng2 a4 43. Qf7 Rbc7 44. Nce3 Rf8 45. Qd5 Rxf2 46. Qxc5 Rxc5 47. bxa4 Ne6 48. Kg1 Rf7 49. Rb7 Kg7 50. Rf1 Rxf1+
51. Kxf1 Nc7 52. a5 Kf8 53. Ke2 Bd8 54. a6 Nxa6 55. Rxh7 Rc8 56. Nh4 Kg8 57. Ra7 Bxh4 58. Rxa6 Rxc3 59. Rxd6 Kg7 60. Rd3 Rc7
61. Ng2 Be7 62. Kf3 Kh6 63. h4 Ra7 64. Rc3 Bd8 65. Kg3 Ra4 66. Re3 Bb6 67. Rb3=
1/2-1/2

[Event "II 2016"]
[Site "SchemingMind.com"]
[Date "2016.03.27"]
[Round "-"]
[White "frankly"]
[Black "flyinduck"]
[Result "1-0"]
[WhiteCountry "ENG"]
[BlackCountry "CAN"]
[WhiteElo "2468"]
[WhiteRD "55"]
[BlackElo "2135"]
[BlackRD "56"]
[GameID "397351"]

1. e4 e5 2. Nf3 Nf6 3. Nxe5 d6 4. Nf3 Nxe4 5. d4 d5 6. Bd3 Nc6 7. O-O Be7 8. Re1 Bg4 9. c4 Nf6 10. cxd5 Bxf3
11. Qxf3 Qxd5 12. Qh3 Qxd4 13. Nc3 Ng4 14. Rf1 h5 15. Be4 Bd6 16. g3 Qc5 17. Qg2 O-O-O 18. h3 Nf6 19. Be3 Qc4 20. Bf3 h4
21. g4 Kb8 22. Rad1 Be5 23. Rc1 Qa6 24. g5 Nd7 25. Be2 Qa5 26. Bf3 Qa6 27. Rfd1 Rhe8 28. Be2 Qa5 29. Rd5 Qb4 30. Rb5 Qd6
31. Rxb7+ Kxb7 32. Nb5 Qg6 33. Nxa7
1-0

[Event "II 2016"]
[Site "SchemingMind.com"]
[Date "2016.03.27"]
[Round "-"]
[White "flyinduck"]
[Black "frankly"]
[Result "0-1"]
[WhiteCountry "CAN"]
[BlackCountry "ENG"]
[WhiteElo "2130"]
[WhiteRD "58"]
[BlackElo "2458"]
[BlackRD "57"]
[GameID "397352"]

1. d4 Nf6 2. c4 e6 3. Nc3 Bb4 4. e3 O-O 5. Ne2 d5 6. a3 Bd6 7. Ng3 c6 8. Be2 e5 9. O-O dxc4 10. Bxc4 Nbd7
11. Bb3 Nb6 12. Nce4 Nxe4 13. Nxe4 exd4 14. Qxd4 Be7 15. Qe5 Nd5 16. Rd1 Be6 17. Bd2 Qb6 18. Bc4 Rad8 19. h3 Rfe8 20. b4 Bf8
21. Qh5 Nf4 22. exf4 Bxc4 23. Be3 Qc7 24. Rxd8 Rxd8 25. Qe5 Qxe5 26. fxe5 b6 27. Rc1 Be6 28. f3 Rd3 29. Rc3 Rxc3 30. Nxc3 Be7
31. g4 Bc4 32. Kf2 Bh4+ 33. Kg2 Bd3 34. Bd2 Kf8 35. f4 Ke7 36. a4 Ke6 37. a5 Be7 38. Nd1 Kd5 39. Nb2 Be4+ 40. Kg3 b5
41. f5 Kxe5 42. Bc3+ Kd5 43. Kf4 g5+
0-1

[Event "II 2016"]
[Site "SchemingMind.com"]
[Date "2016.04.14"]
[Round "-"]
[White "frankly"]
[Black "JAHI"]
[Result "1-0"]
[WhiteCountry "ENG"]
[BlackCountry "INT"]
[WhiteElo "2466"]
[WhiteRD "57"]
[BlackElo "2077"]
[BlackRD "59"]
[GameID "398069"]

1. e4 e6 2. d4 d6 3. Nc3 d5 4. Nf3 c6 5. Bd3 c5 6. exd5 exd5 7. dxc5 Nc6 8. Qe2+ Be6 9. Bf5 Bxc5 10. Bg5 Qd7
11. O-O-O Nge7 12. Bxe6 fxe6 13. Rhe1 Bb4 14. Bxe7 Bxc3 15. bxc3 Qxe7 16. Rxd5 exd5 17. Qb5 Rb8 18. Rxe7+ Kxe7 19. Qxd5 Rbd8 20. Qg5+ Kd7
21. Qxg7+ Kc8 22. Nd4 Nxd4 23. cxd4 Rdg8 24. Qe5 Rd8 25. f4 Rhg8 26. f5 Rde8 27. Qc5+ Kb8 28. Qd6+ Kc8 29. f6 Rgf8 30. g4 Rf7
31. g5 a6 32. Qd5 Rc7 33. f7 Rf8 34. Qe6+ Kb8 35. Qe8+ Rc8 36. Qe7 Ka7 37. Kb2 Ka8 38. d5 Ka7 39. c4 a5 40. d6 Ka6
41. d7 Rcd8 42. c5 Kb5 43. Kc3 Ka6 44. Qd6+ Ka7 45. Qc7 Ka8 46. Kc4 Rg8 47. Qxa5+ Kb8 48. fxg8=Q Rxg8 49. d8=Q+ Rxd8 50. Qxd8+ Ka7
51. Kb5 b6 52. Qc7+ Ka8 53. Qc8+ Ka7 54. cxb6#
1-0

[Event "II 2016"]
[Site "SchemingMind.com"]
[Date "2016.04.14"]
[Round "-"]
[White "JAHI"]
[Black "frankly"]
[Result "0-1"]
[WhiteCountry "INT"]
[BlackCountry "ENG"]
[WhiteElo "2077"]
[WhiteRD "59"]
[BlackElo "2466"]
[BlackRD "57"]
[GameID "398070"]

1. e3 e5 2. d3 d5 3. d4 exd4 4. exd4 Nc6 5. c3 Be6 6. c4 dxc4 7. Be3 Nf6 8. Nc3 Bb4 9. a3 Bxc3+ 10. bxc3 O-O
11. Nf3 Nd5 12. Bd2 Na5 13. Be2 Nb3 14. Ra2 b5 15. Qc2 Qf6 16. Qb2 c5 17. Be3 Nxe3 18. fxe3 Qh6 19. Kf2 Rae8 20. Rd1 Bd5
21. dxc5 Qxe3+ 22. Kf1 Rd8 23. Nd4 Be4 24. Bf3 Bd3+ 25. Rxd3 Qxd3+ 26. Kg1 Nxc5 27. Qc1 Nb3 28. Qf1 Qxc3 29. Nxb5 Qe5 30. a4 Rd2
31. Rxd2 Nxd2 32. Qe2 Nxf3+ 33. Kf2 a6 34. Na3 Nxh2 35. Qxe5 Ng4+ 36. Ke1 Nxe5 37. Kd2 Rd8+ 38. Kc2 f5 39. a5 Kf7 40. g3 Ke6
41. Nb1 Rd3 42. Nc3 Rxg3 43. Nb1 h5 44. Nd2 h4 45. Nf1 Rg1 46. Ne3 h3 47. Kd2 h2 48. Nc2 Rg2+ 49. Kc3 h1=Q 50. Nd4+ Kd5
51. Nc2 Qc1 52. Kb4 Qb2+ 53. Ka4 Qb3#
0-1

[Event "II 2016"]
[Site "SchemingMind.com"]
[Date "2016.04.15"]
[Round "-"]
[White "flyinduck"]
[Black "JAHI"]
[Result "1-0"]
[WhiteCountry "CAN"]
[BlackCountry "INT"]
[WhiteElo "2033"]
[WhiteRD "56"]
[BlackElo "2012"]
[BlackRD "61"]
[GameID "398071"]

1. d4 e6 2. c4 d6 3. Nc3 d5 4. Nf3 dxc4 5. e4 c6 6. Bxc4 a6 7. O-O h6 8. d5 cxd5 9. exd5 exd5 10. Re1+ Be7
11. Nxd5 Nc6 12. Bf4 Kf8 13. Bc7 Qd7 14. Ne5 Nxe5 15. Bxe5 h5 16. Nxe7 Nxe7 17. Bd6 Rh6 18. Bxe7+ Kg8 19. Qf3 Qf5 20. Qxf5 Bxf5
21. Rad1 Rc8 22. Bb3 Rb6 23. Rd8+ Rxd8 24. Bxd8 Rb5 25. Bc7 h4 26. h3 Bg6 27. Be5 Rxb3 28. axb3 Bf5 29. Bc3 Bd7 30. Re4 f6
31. Rxh4 Be6 32. b4 Kf7 33. Rh8 Ke7 34. g4 Bf7 35. Rb8 Bd5 36. f4 g6 37. Kf2 Be4 38. h4 Kd6 39. Bxf6 Kc6 40. h5 gxh5
41. gxh5 b6 42. h6 Bb1 43. Kg3 Bf5 44. Kh4 Kc7 45. Be5+ Kc6 46. Kg5 Bh7 47. Rh8 Be4 48. f5 Bd5 49. h7 Kb5 50. Bc3 Ka4
51. Rd8 Bf7 52. h8=Q Kb3 53. Qf6 Bc4 54. Qxb6 Bf1 55. f6 Be2 56. Qe6+ Bc4 57. Qxc4+ Kxc4 58. f7 Kb3 59. f8=Q a5 60. bxa5 Kc2
61. Rd2+ Kb1 62. b4 Kc1 63. Qf1#
1-0

[Event "II 2016"]
[Site "SchemingMind.com"]
[Date "2016.04.14"]
[Round "-"]
[White "JAHI"]
[Black "flyinduck"]
[Result "0-1"]
[WhiteCountry "INT"]
[BlackCountry "CAN"]
[WhiteElo "2062"]
[WhiteRD "61"]
[BlackElo "2068"]
[BlackRD "62"]
[GameID "398072"]

1. e3 b6 2. d3 Bb7 3. d4 f5 4. c3 Nf6 5. c4 e6 6. Nc3 Be7 7. Qc2 O-O 8. Bd2 c5 9. d5 exd5 10. cxd5 Kh8
11. Qxf5 Nxd5 12. Qh3 Nf6 13. Bd3 d5 14. Nge2 Bc8 15. Bf5 Bxf5 16. Qxf5 Na6 17. a3 Nc7 18. Qb1 d4 19. Ne4 d3 20. N2g3 Nxe4
21. Nxe4 Qd5 22. f3 Bh4+ 23. Nf2 Bxf2+ 24. Kxf2 c4 25. Rf1 Rae8 26. Kg1 Ne6 27. Bc3 Nc5 28. e4 Qd7 29. Qe1 Nb3 30. Rd1 Nd4
31. Qe3 Rd8 32. Qxd4 Qxd4+ 33. Bxd4 Rxd4 34. Rfe1 b5 35. Kf2 Kg8 36. Rd2 a5 37. h3 b4 38. Rc1 Rfd8 39. Ke3 g5 40. g3 Kf7
41. Kf2 Ke6 42. axb4 axb4 43. g4 Ke5 44. Ke3 Ra8 45. Rf1 Rad8 46. Rc1 Ra8 47. Rf1 Rad8 48. Rc1 R8d6 49. h4 h6 50. hxg5 hxg5
51. Ra1 c3 52. bxc3 bxc3 53. Rdd1 d2 54. Ra5+ Ke6 55. Rc5 Rd3+ 56. Ke2 Rd7 57. Rc6+ Ke5 58. Rc8 Kf4 59. Rf8+ Kg3 60. Rg1+ Kh2
61. Kf2 Rh7 62. Rc8 Rxf3+ 63. Kxf3 Kxg1 64. Ke2 Rd7 65. Kd1 Rd3 66. e5 Re3 67. Kc2 Re1 68. Rd8 Rc1+ 69. Kb3 d1=Q+ 70. Rxd1+ Rxd1
71. Kc2 Re1 72. Kxc3 Rxe5 73. Kd3 Kf2 74. Kd4 Re8 75. Kd5 Kf3 76. Kd6 Kxg4 77. Kd5 Kf3 78. Kd6 g4 79. Kc6 g3 80. Kd7 Re2
81. Kd8 g2 82. Kd7 g1=Q 83. Kd6 Qd1+ 84. Kc5 Rc2+ 85. Kb5 Qb1+ 86. Ka5 Ra2#
0-1

[Event "II 2016"]
[Site "SchemingMind.com"]
[Date "2016.04.17"]
[Round "-"]
[White "Till Plewe"]
[Black "unomas2013"]
[Result "1/2-1/2"]
[WhiteCountry "JPN"]
[BlackCountry "ESP"]
[WhiteElo "2440"]
[WhiteRD "91"]
[BlackElo "2360"]
[BlackRD "112"]
[GameID "398151"]

1. e4 e5 2. Nf3 Nc6 3. Bb5 a6 4. Ba4 Nf6 5. O-O Be7 6. Re1 b5 7. Bb3 d6 8. c3 O-O 9. h3 Nb8 10. d4 Nbd7
11. Nbd2 Bb7 12. Bc2 Re8 13. Nf1 Bf8 14. Ng3 g6 15. b3 Bg7 16. d5 Rc8 17. c4 c6 18. Bg5 Qc7 19. Bd3 Nc5 20. Bf1 bxc4
21. bxc4 a5 22. Nh2 h6 23. Bd2 Rb8 24. Ng4 Nxg4 25. hxg4 a4 26. Be3 Bc8 27. Be2 cxd5 28. cxd5 Bd7 29. Qd2 Kh7 30. Rec1 Rec8
31. Rab1=
1/2-1/2

[Event "II 2016"]
[Site "SchemingMind.com"]
[Date "2016.04.17"]
[Round "-"]
[White "unomas2013"]
[Black "Till Plewe"]
[Result "1/2-1/2"]
[WhiteCountry "ESP"]
[BlackCountry "JPN"]
[WhiteElo "2321"]
[WhiteRD "119"]
[BlackElo "2440"]
[BlackRD "91"]
[GameID "398152"]

1. e4 e5 2. Nf3 Nc6 3. Bb5 a6 4. Ba4 Nf6 5. O-O Be7 6. Re1 b5 7. Bb3 O-O 8. c3 d5 9. exd5 Nxd5 10. Nxe5 Nxe5
11. Rxe5 c6 12. d4 Bd6 13. Re1 Qh4 14. g3 Qh3 15. Be3 Bg4 16. Qd3 Rae8 17. Nd2 Qh5 18. a4 Re6 19. axb5 axb5 20. Bxd5 Qxd5
21. Qf1 Qh5 22. f3 Bf5 23. Qg2 Qg6 24. Bf2 h5 25. Ne4 Rfe8 26. Nxd6 Rxe1+ 27. Rxe1 Rxe1+ 28. Bxe1 Qxd6 29. Qe2 Be6 30. Qe5 Qxe5
31. dxe5 Kh7 32. h4 Kg6 33. Bf2 Bd5=
1/2-1/2

[Event "II 2016"]
[Site "SchemingMind.com"]
[Date "2016.04.16"]
[Round "-"]
[White "Till Plewe"]
[Black "frankly"]
[Result "1/2-1/2"]
[WhiteCountry "JPN"]
[BlackCountry "ENG"]
[WhiteElo "2403"]
[WhiteRD "101"]
[BlackElo "2458"]
[BlackRD "57"]
[GameID "398153"]

1. e4 c5 2. Nf3 Nc6 3. d4 cxd4 4. Nxd4 Nf6 5. Nc3 e5 6. Ndb5 d6 7. Bg5 a6 8. Na3 b5 9. Bxf6 gxf6 10. Nd5 Bg7
11. Bd3 Ne7 12. Nxe7 Qxe7 13. O-O O-O 14. c4 f5 15. Qh5 Rb8 16. exf5 e4 17. Rae1 Bb7 18. Re3 bxc4 19. Bxc4 d5 20. Bxd5 Bxd5
21. f6 Qxf6 22. Qxd5 Rxb2 23. Nc4 Rxa2 24. Rxe4 Rd8 25. Qc5 Rc2 26. Qa5 Rd1 27. Re8+ Bf8 28. Rxf8+ Kxf8 29. Qc5+ Qe7 30. Qxe7+ Kxe7
31. Rxd1 Rxc4=
1/2-1/2

[Event "II 2016"]
[Site "SchemingMind.com"]
[Date "2016.04.16"]
[Round "-"]
[White "frankly"]
[Black "Till Plewe"]
[Result "1/2-1/2"]
[WhiteCountry "ENG"]
[BlackCountry "JPN"]
[WhiteElo "2475"]
[WhiteRD "61"]
[BlackElo "2440"]
[BlackRD "90"]
[GameID "398154"]

1. e4 e5 2. Nf3 Nc6 3. d4 exd4 4. Nxd4 Nf6 5. Nxc6 bxc6 6. e5 Qe7 7. Qe2 Nd5 8. c4 Nb6 9. Nc3 Qe6 10. Qe4 Bb4
11. Bd2 Ba6 12. b3 Bxc3 13. Bxc3 d5 14. Qh4 dxc4 15. Be2 Nd5 16. Bxc4 g5 17. Bxd5 gxh4 18. Bxe6 fxe6 19. Bd4 O-O-O 20. Bxa7 Rd5
21. Be3 Rg8 22. Rg1 c5 23. f4 c4 24. bxc4 Bxc4 25. a4 Rd3 26. Kf2 Bd5 27. g4 hxg3+ 28. Rxg3 Rg6 29. a5 Rb3 30. a6 Rb2+
31. Kf1 Rxh2 32. Rxg6 hxg6 33. a7 Ba8 34. Ra6 Kd7 35. Bf2 Rh3 36. Ke2 Rb3 37. Be3 Rb2+ 38. Kd3 Rb3+ 39. Kd2 Rb1 40. Ra2 Kc8
41. Kc2 Be4+ 42. Kc3=
1/2-1/2

[Event "II 2016"]
[Site "SchemingMind.com"]
[Date "2016.04.16"]
[Round "-"]
[White "Till Plewe"]
[Black "flyinduck"]
[Result "1-0"]
[WhiteCountry "JPN"]
[BlackCountry "CAN"]
[WhiteElo "2434"]
[WhiteRD "90"]
[BlackElo "2093"]
[BlackRD "56"]
[GameID "398155"]

1. e4 e5 2. Nf3 Nf6 3. Nxe5 d6 4. Nf3 Nxe4 5. d4 d5 6. Bd3 Nc6 7. O-O Be7 8. c4 Nb4 9. Be2 O-O 10. Nc3 Bf5
11. a3 Nxc3 12. bxc3 Nc6 13. Re1 Re8 14. cxd5 Qxd5 15. Bf4 Bd6 16. c4 Qe4 17. Be3 Rad8 18. Ra2 Bg6 19. Qc1 b6 20. Rd2 Na5
21. c5 Bf4 22. Bd3
1-0

[Event "II 2016"]
[Site "SchemingMind.com"]
[Date "2016.04.17"]
[Round "-"]
[White "flyinduck"]
[Black "Till Plewe"]
[Result "0-1"]
[WhiteCountry "CAN"]
[BlackCountry "JPN"]
[WhiteElo "2033"]
[WhiteRD "56"]
[BlackElo "2440"]
[BlackRD "91"]
[GameID "398156"]

1. d4 d5 2. c4 c6 3. cxd5 cxd5 4. Bf4 Nc6 5. e3 Nf6 6. Nc3 Bf5 7. Qb3 Na5 8. Qa4+ Bd7 9. Bb5 e6 10. Nf3 a6
11. Bxd7+ Nxd7 12. O-O Be7 13. Rac1 Nc6 14. Qb3 Qb6 15. Qc2 Rc8 16. Qe2 O-O 17. h4 Na5 18. h5 h6 19. Rc2 Rc6 20. Na4 Qb5
21. Qxb5 axb5 22. Rxc6 Nxc6 23. Nc3 b4 24. Ne2 Ra8 25. Nc1 Nf6 26. Nd2 Nxh5 27. Bc7 Nf6 28. f3 Ne8 29. Bg3 Bg5 30. Kf2 Ne7
31. Ke2 h5 32. Ndb3 Nf5 33. Bf2 Ned6 34. Nc5 Nc4 35. f4 Be7 36. Nxb7 Nxb2 37. Kf3 Ra3 38. Ke2 Nc4
0-1

[Event "II 2016"]
[Site "SchemingMind.com"]
[Date "2016.04.17"]
[Round "-"]
[White "Till Plewe"]
[Black "JAHI"]
[Result "1/2-1/2"]
[WhiteCountry "JPN"]
[BlackCountry "INT"]
[WhiteElo "2424"]
[WhiteRD "95"]
[BlackElo "2102"]
[BlackRD "71"]
[GameID "398157"]

1. e4 e6 2. d4 d6 3. Nc3 d5 4. Nf3 c6 5. Bd3 Bd6 6. O-O Ne7 7. Bg5 a6 8. Re1 h6 9. Bh4 b6 10. a3 Bb7
11. exd5 cxd5 12. Ne5 Bxe5 13. Rxe5 Kf8 14. Qg4 Nbc6 15. Re3 Bc8 16. Bxe7+ Nxe7 17. Qf4 Kg8 18. Rf3 Nf5 19. Bxf5 exf5 20. Qe5 Be6
21. Rg3 g6 22. Ne2 Qb8 23. Qf6 Kh7 24. Rxg6 fxg6 25. Qe7+ Kg8 26. Qxe6+ Kg7 27. Qe7+ Kg8 28. Qf6 Qe8 29. Nf4 Qf7 30. Qxg6+ Qxg6
31. Nxg6 Rh7 32. Re1 Raa7 33. Kf1 Kf7 34. Nf4 Re7 35. Nxd5 Rxe1+ 36. Kxe1 b5 37. g3 Ke6 38. Nf4+ Kd6 39. Kd2 a5 40. c3 Re7
41. b3 Kc6 42. Ng6 Rg7 43. Ne5+ Kd6 44. Kd3 Ra7 45. c4 bxc4+ 46. Nxc4+ Ke6 47. Ne3 Rb7 48. Kc4 Rc7+ 49. Kb5 Rb7+ 50. Ka4 h5
51. Nc4 f4 52. Nxa5 Rd7 53. Nc4 Rxd4 54. Kb4 Re4 55. a4 f3 56. a5 Kd7 57. a6 Kc7 58. Kc5 Re2 59. Kd4 Rxf2 60. Ke3 Rxh2
61. Kxf3 Rc2 62. Kf4 Kc6 63. Kg5 Rg2 64. Kh4 Rh2+ 65. Kg5 Rh3 66. Kf4 Rh1 67. Kg5 Rh2 68. b4 Rg2 69. Kh4 Rg1 70. Ne5+ Kb6
71. Nd7+ Kxa6 72. Nf6 Kb5 73. Nxh5 Kxb4 74. g4 Kc5 75. Kg5 Kd4 76. Kf5 Ke3 77. g5 Rxg5+ 78. Kxg5
1/2-1/2

[Event "II 2016"]
[Site "SchemingMind.com"]
[Date "2016.04.17"]
[Round "-"]
[White "JAHI"]
[Black "Till Plewe"]
[Result "0-1"]
[WhiteCountry "INT"]
[BlackCountry "JPN"]
[WhiteElo "2047"]
[WhiteRD "58"]
[BlackElo "2419"]
[BlackRD "95"]
[GameID "398158"]

1. e3 d5 2. d3 e5 3. d4 Nc6 4. c3 Nf6 5. c4 exd4 6. exd4 Bb4+ 7. Nc3 Qe7+ 8. Be3 Nxd4 9. Qxd4 c5 10. Qd3 d4
11. Ne2 dxe3 12. Qxe3 Qxe3 13. fxe3 O-O 14. Nf4 Re8 15. Nd5 Nxd5 16. cxd5 Rxe3+ 17. Kf2 Re5 18. Re1 Rxe1 19. Kxe1 Bf5 20. a3 Ba5
21. Kf2 a6 22. Be2 Rd8 23. Rd1 Bc7 24. Kf3 Be5 25. Ne4 Bd4 26. Rd2 Rxd5 27. Nxc5 Rxc5 28. Rxd4 Kf8 29. Rc4 Rxc4 30. Bxc4 Be6
31. Bd3 Bd5+ 32. Be4 Bxe4+ 33. Kxe4 Ke7 34. Kd5 f5 35. b3 g5 36. Ke5 f4 37. Kf5 h6 38. Ke5 Kf7 39. Kf5 Kg7 40. h3 Kf7
41. h4 f3 42. gxf3 gxh4 43. Kf4 h5 44. Ke3 Kf6 45. Kf4 a5 46. Ke3 Kf5 47. b4 axb4 48. axb4 b5 49. Kf2 Kf4 50. Kg2 h3+
51. Kf2 h4 52. Kg1 Kxf3 53. Kh2 Ke3 54. Kxh3 Kd4 55. Kxh4 Kc3 56. Kg3 Kxb4 57. Kf2 Kc3 58. Ke2 Kc2 59. Kf3 b4 60. Ke4 b3
61. Kf4 b2 62. Ke5 b1=Q 63. Ke6 Qf1 64. Kd6 Kc3 65. Ke6 Kd4 66. Kd6 Qf7 67. Kc6 Qe7 68. Kb6 Qd7 69. Ka5 Qb7 70. Ka4 Kc4
71. Ka3 Qb3#
0-1

[Event "II 2016"]
[Site "SchemingMind.com"]
[Date "2016.04.22"]
[Round "-"]
[White "mi_di"]
[Black "Till Plewe"]
[Result "1/2-1/2"]
[WhiteCountry "MEX"]
[BlackCountry "JPN"]
[WhiteElo "2468"]
[WhiteRD "117"]
[BlackElo "2440"]
[BlackRD "91"]
[GameID "398360"]

1. e4 e5 2. Nf3 Nc6 3. Bb5 a6 4. Ba4 Nf6 5. O-O Be7 6. Re1 b5 7. Bb3 O-O 8. c3 d5 9. exd5 Nxd5 10. Nxe5 Nxe5
11. Rxe5 c6 12. Bxd5 cxd5 13. d4 Bd6 14. Re3 Qh4 15. h3 g5 16. Qf3 Be6 17. Qf6 Rfe8 18. g3 Qh5 19. g4 Qh4 20. Nd2 h6
21. Nf1 h5 22. Re1 Qxh3 23. Qxg5+ Kh7 24. Qh6+ Kg8 25. Qxh5 Bxg4 26. Qxh3 Bxh3 27. Bg5 Kh7 28. Ng3 Rg8 29. Be7 Bf4 30. Kh2 Bf5
31. Bf6 Rg6 32. Be5 Bxg3+ 33. Bxg3 Be4 34. f3 Bxf3=
1/2-1/2

[Event "II 2016"]
[Site "SchemingMind.com"]
[Date "2016.04.23"]
[Round "-"]
[White "Till Plewe"]
[Black "mi_di"]
[Result "1/2-1/2"]
[WhiteCountry "JPN"]
[BlackCountry "MEX"]
[WhiteElo "2430"]
[WhiteRD "98"]
[BlackElo "2419"]
[BlackRD "111"]
[GameID "398361"]

1. e4 e5 2. Nf3 Nc6 3. Bb5 a6 4. Ba4 Nf6 5. O-O Be7 6. Re1 b5 7. Bb3 O-O 8. c3 d6 9. h3 Nb8 10. d4 Nbd7
11. Nbd2 Bb7 12. Bc2 Re8 13. Nf1 Bf8 14. Ng3 g6 15. b3 c6 16. Bg5 Bg7 17. Qd2 Qe7 18. a4 Qf8 19. Rad1 Rac8 20. Be3 Rc7
21. Bd3 Rb8 22. b4 bxa4 23. dxe5 dxe5 24. Ra1 c5 25. Rxa4 Ne8 26. Ra5 h5 27. Rd1 cxb4 28. cxb4 Bf6 29. Rb1 Nd6 30. Bg5 Qe7
31. Bxf6 Qxf6 32. Qh6 Qf4 33. Ng5 Nf8 34. Nxh5 gxh5 35. Qxd6 Rbc8 36. Nf3 Rc1+ 37. Rxc1 Rxc1+ 38. Bf1 Bxe4 39. Qxe5 Ng6 40. Qxf4 Nxf4
41. Nd2 Bxg2 42. Rg5+ Kf8 43. Rxg2 Rd1 44. Ne4 Ne2+ 45. Kh2=
1/2-1/2

[Event "II 2016"]
[Site "SchemingMind.com"]
[Date "2016.04.27"]
[Round "-"]
[White "unomas2013"]
[Black "mi_di"]
[Result "1/2-1/2"]
[WhiteCountry "ESP"]
[BlackCountry "MEX"]
[WhiteElo "2370"]
[WhiteRD "112"]
[BlackElo "2418"]
[BlackRD "108"]
[GameID "398363"]

1. e4 e5 2. Nf3 Nc6 3. Bb5 a6 4. Ba4 Nf6 5. O-O Be7 6. Re1 b5 7. Bb3 O-O 8. c3 d6 9. h3 Nb8 10. d4 Nbd7
11. Nbd2 Bb7 12. Bc2 Re8 13. Nf1 Bf8 14. Ng3 g6 15. a4 c5 16. d5 c4 17. Bg5 Qc7 18. Qe2 Bg7 19. Be3 Nc5 20. Nh2 Reb8
21. Ng4 Nxg4 22. hxg4 Bc8 23. Nf1 Bd7 24. axb5 axb5 25. Nd2 Qc8 26. g5 Qf8 27. Nf3 Bg4 28. Qd2 Bxf3 29. gxf3 Qc8 30. Kg2=
1/2-1/2

[Event "II 2016"]
[Site "SchemingMind.com"]
[Date "2016.04.27"]
[Round "-"]
[White "mi_di"]
[Black "frankly"]
[Result "1/2-1/2"]
[WhiteCountry "MEX"]
[BlackCountry "ENG"]
[WhiteElo "2468"]
[WhiteRD "117"]
[BlackElo "2492"]
[BlackRD "59"]
[GameID "398364"]

1. e4 e5 2. Nf3 Nc6 3. Bb5 a6 4. Ba4 Nf6 5. O-O Be7 6. Bxc6 dxc6 7. d3 Nd7 8. Nbd2 f6 9. a4 O-O 10. Nh4 g6
11. Nc4 Nc5 12. Bh6 Re8 13. Nf3 a5 14. Qe2 b6 15. Rfd1 Qd7 16. Ne3 Qe6 17. b3 Qf7 18. h4 Ne6 19. Qd2 Nd4 20. Nxd4 exd4
21. Nc4 Be6 22. Qf4 Bxc4 23. bxc4 Bb4 24. Rdb1= Bc3 25. Ra3 f5 26. exf5 gxf5 27. Qg3+ Qg6 28. Qxg6+ hxg6 29. Bf4 Re7 30. Rab3 Kf7
31. g3 Ke6 32. Kg2 Kd7 33. Rh1 Rh8 34. Kf3 Re6 35. Rbb1 Rh7 36. Rbd1 Rh5 37. Rb1 Bb4 38. Rbd1 Re8 39. Rb1= Re7 40. Rbd1 Re6
41. Rb1 Re8 42. Rbd1 Bc3 43. Rb1 Rh7 44. Bg5 Bb4 45. Rhd1 c5 46. Rh1 Kc8 47. Rhg1 Kb7 48. g4 fxg4+ 49. Rxg4 Rf7+ 50. Rf4 Rxf4+
51. Kxf4 Rf8+=
1/2-1/2

[Event "II 2016"]
[Site "SchemingMind.com"]
[Date "2016.04.27"]
[Round "-"]
[White "frankly"]
[Black "mi_di"]
[Result "1-0"]
[WhiteCountry "ENG"]
[BlackCountry "MEX"]
[WhiteElo "2509"]
[WhiteRD "60"]
[BlackElo "2418"]
[BlackRD "108"]
[GameID "398365"]

1. e4 e5 2. Nf3 Nc6 3. Bb5 a6 4. Ba4 Nf6 5. O-O Be7 6. Re1 b5 7. Bb3 O-O 8. a4 Bb7 9. d3 Re8 10. Nbd2 Bf8
11. c3 Na5 12. Ba2 c5 13. d4 exd4 14. cxd4 c4 15. e5 Nd5 16. Ne4 h6 17. Bd2 Nb4 18. Bb1 Nb3 19. Ra3 Qb6 20. a5 Qe6
21. Nfg5 hxg5 22. Nxg5 Qh6 23. Bh7+ Qxh7 24. Nxh7 Kxh7 25. Rxb3 cxb3 26. Re3 Nd5 27. Rxb3 Kg8 28. Rh3 d6 29. Qh5 f6 30. f4 dxe5
31. Qh7+ Kf7 32. fxe5 Re6 33. Rf3 Ke8 34. h4 Rd8 35. h5 Ne7 36. exf6 gxf6 37. Re3 Bc8 38. Rxe6 Bxe6 39. Qe4 Bf5 40. Qf4 Kf7
41. g4 Bc2 42. g5 Nd5 43. g6+ Bxg6 44. hxg6+ Kxg6 45. Qe4+ Kg7 46. Qf5 Rd6 47. Qh5 f5 48. Qxf5 Rg6+ 49. Kh1 Rd6 50. Qg4+ Kf7
51. Qh5+ Kg7 52. Kg2 Kf6 53. Bg5+ Kg7 54. Qe8 Nc7 55. Qe5+ Kf7 56. Qf5+ Kg7 57. Bf4 Rg6+ 58. Kh2
1-0

[Event "II 2016"]
[Site "SchemingMind.com"]
[Date "2016.04.27"]
[Round "-"]
[White "mi_di"]
[Black "flyinduck"]
[Result "1-0"]
[WhiteCountry "MEX"]
[BlackCountry "CAN"]
[WhiteElo "2463"]
[WhiteRD "120"]
[BlackElo "2080"]
[BlackRD "57"]
[GameID "398366"]

1. e4 e5 2. Nf3 Nf6 3. d4 Nxe4 4. Bd3 d5 5. dxe5 Be7 6. O-O Nc5 7. Be2 O-O 8. Be3 c6 9. c4 Be6 10. cxd5 cxd5
11. Nd4 Qb6 12. Nc3 Qxb2 13. Rc1 Nbd7 14. f4 Nb6 15. f5 Bd7 16. f6 Bd8 17. fxg7 Kxg7 18. Bh5 Nc4 19. Nxd5 Nxe3 20. Nxe3
1-0